000 00511 a2200205 4500
005 20260225134711.0
008 260225b |||||||| |||| 00| 0 eng d
020 _a9789364554794
_cRs. 1895.00
040 _aMAIN
082 _a338.04
_bT199M(6)
100 _aTaxmann
245 _aMSME ready reckoner
250 _a6th
260 _bTaxmann
_c2025
_aNew Delhi
300 _av.
650 _aSmall Business-India
650 _aIndustrial Policy-India
650 _aSmall Business-Finance
942 _cBK
999 _c396363
_d396363